| 000 | 00789cab a2200229 4500 | ||
|---|---|---|---|
| 001 | WB2924-51 | ||
| 008 | 090401t1993 xxu||||| |||| 00| 0 eng d | ||
| 035 | _a(Sirsi) u59165 | ||
| 041 | _aeng | ||
| 100 | _aFreer, Penny | ||
| 245 | _aActing as a receiver | ||
| 260 | _c1993 | ||
| 350 | _a0 | ||
| 490 |
_aCSW - The Property Week _v43(13) 24 June 1993, 63(1) |
||
| 520 | _aFirst in a series of articles addressing the tax questions commonly encountered by a receiver appointed under a fixed charge, Law of Property Act (LPA) receiver, generally while the company is not in liquidation. | ||
| 650 | _aLAW OF PROPERTY ACT 1925 | ||
| 650 | _aLAW OF PROPERTY ACT RECEIVERS | ||
| 650 | _aVALUE ADDED TAX | ||
| 690 | _aPROPERTY LAW AND PRACTICE | ||
| 942 | _n0 | ||
| 948 | _c04/03/1997 | ||
| 999 |
_c36260 _d36260 |
||